000 00601nam a2200181 a 4500
001 000014297
005 20200929163549.0
008 091209s1982 dr 000 0 spa d
040 _aDO-SdBNP
082 _axxx
_bS231i
100 1 _aSantaella, Joaquín Gerardo
_932258
245 1 0 _aInvestigación bibliográfica sobre ahorro y conservación de energía /
_cJoaquín Gerardo Santaella.
260 _aSanto Domingo :
_bCentro de Información Científica y Tecnológica,
_c1982.
300 _a50 p. ;
_c22 cm.
490 1 _aMonografía
_vno. 4
830 0 _aMonografía
_nno. 4
_932259
049 _aBNPD
999 _c13893
_d13893